Library of the University of Algiers 3
Ibrahim Sultan Cheibout
شعار جامعة الجزائر 3
مكتبة جامعة الجزائر 3
إبراهيم سلطان شيبوط

الصكوك ودورها في تحقيق التنمية الإقتصادية : (رقم التسجيلة. 44204)

تفاصيل مارك
000 -LEADER
fixed length control field 01257nam a2200241Ia 4500
003 - CONTROL NUMBER IDENTIFIER
control field Ost
005 - DATE AND TIME OF LATEST TRANSACTION
control field 20260507075355.0
008 - FIXED-LENGTH DATA ELEMENTS--GENERAL INFORMATION
fixed length control field 260507s9999||||xx |||||||||||||| ||und||
020 ## - INTERNATIONAL STANDARD BOOK NUMBER
International Standard Book Number 79363419779
040 ## - CATALOGING SOURCE
Transcribing agency fsecg
041 ## - LANGUAGE CODE
Language code of text/sound track or separate title ara
082 ## - DEWEY DECIMAL CLASSIFICATION NUMBER
Classification number 330
100 ## - MAIN ENTRY--PERSONAL NAME
Personal name علي، أحمد شعبان محمد
Relator term مؤلف
245 #0 - TITLE STATEMENT
Title الصكوك ودورها في تحقيق التنمية الإقتصادية :
Remainder of title مفهومها- أنواعها- آليات التعامل بها /
Statement of responsibility, etc. أحمد شعبان محمد علي
260 ## - PUBLICATION, DISTRIBUTION, ETC.
Place of publication, distribution, etc. الإسكندرية:
Name of publisher, distributor, etc. دار التعليم الجامعي,
Date of publication, distribution, etc. 2013
300 ## - PHYSICAL DESCRIPTION
Extent 273 صفحة؛
Other physical details إيضاحات ؛
Dimensions 25 سم
504 ## - BIBLIOGRAPHY, ETC. NOTE
Bibliography, etc. note قائمة المراجع ص.263
520 ## - SUMMARY, ETC.
Summary, etc. الأسواق المالية في ميزان الفقه الإسلامي- مفهوم وخصائص الصكوك- أنواع الصكوك- آليات التعامل بالصكوك- الرقابة على الصكوك- مخاطر الصكوك وآليات معالجتها- الدور التنموي للصكوك- تجارب البلدان في الصكوك وسبل التطبيق في مصر
653 ## - INDEX TERM--UNCONTROLLED
Uncontrolled term التنمية الإقتصادية
653 ## - INDEX TERM--UNCONTROLLED
Uncontrolled term الشيكات
653 ## - INDEX TERM--UNCONTROLLED
Uncontrolled term سندات السحب
942 ## - ADDED ENTRY ELEMENTS (KOHA)
Koha item type كتب
المقتنيات
Withdrawn status Lost status Source of classification or shelving scheme Damaged status Not for loan Home library Current library Date acquired Serial enumeration / chronology Inventory number Total checkouts Full call number Barcode Date last seen Price effective from Koha item type
    Dewey Decimal Classification   NOT LOAN / إعارة داخلية مكتبة كلية العلوم الإقتصادية والعلوم التجارية وعلوم التسيير مكتبة كلية العلوم الإقتصادية والعلوم التجارية وعلوم التسيير 07/05/2026 الطابق الأرضي 25268   أ/4262ن1 25268 07/05/2026 07/05/2026 كتب
    Dewey Decimal Classification   Available مكتبة كلية العلوم الإقتصادية والعلوم التجارية وعلوم التسيير مكتبة كلية العلوم الإقتصادية والعلوم التجارية وعلوم التسيير 07/05/2026 الطابق الأرضي 25269   أ/4262ن2 25269 07/05/2026 07/05/2026 كتب
    Dewey Decimal Classification   Available مكتبة كلية العلوم الإقتصادية والعلوم التجارية وعلوم التسيير مكتبة كلية العلوم الإقتصادية والعلوم التجارية وعلوم التسيير 07/05/2026 الطابق الأرضي 25270   أ/4262ن3 25270 07/05/2026 07/05/2026 كتب

موارد الويب المفتوحة


© University of Algiers 3 All Rights Reserved
|
Implemented by LECHELAH Riad